| 000 | 00518nam a2200169Ia 4500 | ||
|---|---|---|---|
| 999 |
_c22328 _d22328 |
||
| 003 | OSt | ||
| 005 | 20200319134508.0 | ||
| 008 | 190216s9999||||xx |||||||||||||| ||und|| | ||
| 040 | _coclc | ||
| 082 |
_a297.273 _bMUS/I |
||
| 100 |
_aMusliyar, M K Ismail _92087 |
||
| 245 | 0 |
_aIslamile Sambathika Niyamaghal / _cM K Ismail Musliyar |
|
| 260 |
_bPoomkavanam Books Publishers, _c1992. _aCalicut: |
||
| 300 | _a232p | ||
| 650 | _aIslamic History | ||
| 942 |
_cBK _2ddc _h297.273 _iMUS/I _k297.273 _mMUS/I |
||